000 00606nam a22001817a 4500
005 20231214092256.0
008 231214b |||||||| |||| 00| 0 eng d
020 _a0883850826
040 _aKMU
_cKMU
_dKMU
_erda
050 _aQA 76
245 _aSymbolic computation in undergraduate mathematics education /
_cEdited by Karian, Zaven
260 _aUSA :
_bThe Mathematics Association of America,
_c1992.
300 _aviii, 181 p. :
_c28 cm.
650 _aMathematics Study and teaching (Higher)
650 _aAlgebra Data processing
650 _aCalculus Study and teaching (Higher)
942 _2lcc
_cBK
_n0
999 _c900
_d900